| 000 | 00681nam a22002297a 4500 | ||
|---|---|---|---|
| 999 |
_c11252 _d11252 |
||
| 003 | AR-CdUCM | ||
| 008 | 190403b ||||| |||| 00| 0 spa d | ||
| 040 |
_aMUNICIPALIDAD PROVINCIAL DEL CUSCO _cBIBLIOTECA MUNICIPAL DEL CUSCO |
||
| 082 |
_a869.56 / _bR93V / 1985 |
||
| 100 |
_aRuiz Rosas, José _910187 |
||
| 245 | _aVecino de la muerte / | ||
| 260 |
_aArequipa : _bPubli Liber, _c1985. |
||
| 300 |
_a73 páginas ; _c16 cm. |
||
| 440 |
_aLibros de macho cabrío. _n4 _925199 |
||
| 505 | _aContenido:Poesías. | ||
| 650 |
_aPoesías peruanas _91481 |
||
| 650 |
_aSiglo XX _98 |
||
| 650 |
_aLiteratura _983 |
||
| 650 |
_aArequipa _91703 |
||
| 942 |
_2ddc _cLIBROS |
||
| 945 | _aachl | ||